000 00741nam a22002412a 4500
001 76109
003 BD-RjUL
005 20211209082808.0
008 191028s1966 enk 000 0 eng d
035 _aOCLC ocm03944768 from D950526M
035 _a(BD-RjUL)76330
040 _aAPL
_cAPL
_dOCL
_dUKM
_dEQO
_dBD-RjUL
_beng
041 _aeng
082 _223
_a382.0942
_bMAH 1966
100 1 _aDe La Mahotière, Stuart R.
_9234120
245 1 4 _aThe hard sell: Britain and her overseas markets /
_cStuart R De La Mahotière
260 _aLondon :
_bHodder and Stoughton,
_cc1966.
300 _a352 p.:
_bill.;
_c23 cm.
650 _aCommerce.
_9234121
651 _aGreat Britain
_xCommerce.
_9234122
942 _2ddc
_cBK
999 _c76109
_d76109